Tabela Premier League 23/24 - Statystyki

Ogólne statystyki
  • Ten quiz został rozwiązany 48 razy
  • Średni wynik to 9 z 20
Statystyki odpowiedzi
# Kluby % Poprawnych
1. Manchester City
95%
3. Liverpool
88%
2. Arsenal
85%
4. Aston Villa
73%
5. Tottenham
63%
6. Chelsea
61%
8. Manchester United
61%
7. Newcastle
46%
19. Burnley
34%
18. Luton Town
34%
11. Brighton
27%
10. Crystal Palace
27%
20. Sheffield United
27%
9. West Ham
27%
15. Everton
24%
16. Brentford
22%
13. Fulham
22%
17. Nottingham Forest
22%
12. Bournemouth
15%
14. Volverhampton
0%
Nie znaleziono quizów pasujących do podanych kryteriów
Rozkład punktacji
Procent ludzi z każdym wynikiem
Percentyl według liczby udzielonych odpowiedzi
Twoja historia wyników
Nie rozwiązałeś tego quizu